书目信息 |
| 题名: |
作家文摘
|
|
| 作者: | 《作家文摘》编 | |
| 分册: | Ⅵ 名人春秋 | |
| 出版信息: | 北京 现代出版社 2013.09 |
|
| 页数: | 300页 | |
| 开本: | 24cm | |
| 丛书名: | ||
| 单 册: | ||
| 中图分类: | I2-55 , K820.7 | |
| 科图分类: | ||
| 主题词: | 作家--文摘--中国 , 名人--生平事迹--中国--现代 , 作家 , 文摘 , 名人 | |
| 电子资源: | ||
| ISBN: | 978-7-5143-1679-7 | |
| 000 | 00876nam0 2200289 450 | |
| 001 | 010050029976 | |
| 005 | 20140611145349.35 | |
| 010 | @a978-7-5143-1679-7@dCNY30.00 | |
| 100 | @a20130829d2013 em y0chiy0110 ea | |
| 101 | 0 | @achi |
| 102 | @aCN@b110000 | |
| 105 | @ay z 000yc | |
| 106 | @ar | |
| 200 | 1 | @a作家文摘@9zuo jia wen zhai@hⅥ@i名人春秋@e20周年珍藏本@f《作家文摘》编 |
| 210 | @a北京@c现代出版社@d2013.09 | |
| 215 | @a300页@d24cm | |
| 330 | @a本书为《作家文摘》20年来关注各个领域名人的精彩之作,聚焦他们的奋斗历程和人生际遇。具体内容包括:贺龙元帅悄然离去;张爱萍和邓稼先等。 | |
| 333 | @a一般读者 | |
| 606 | 0 | @a作家@x文摘@y中国 |
| 606 | 0 | @a名人@x生平事迹@y中国@z现代 |
| 606 | 0 | @a作家 |
| 606 | 0 | @a文摘 |
| 606 | 0 | @a名人 |
| 690 | @aI2-55@v5 | |
| 690 | @aK820.7@v5 | |
| 801 | 0 | @aCN@b人天书店@c20130829 |
| 905 | @b845749-51@dI2-55@e152:6@f3 | |
| 作家文摘.Ⅵ.名人春秋:20周年珍藏本/《作家文摘》编.-北京:现代出版社,2013.09 |
| 300页;24cm |
| 使用对象:一般读者 |
| ISBN 978-7-5143-1679-7:CNY30.00 |
| 本书为《作家文摘》20年来关注各个领域名人的精彩之作,聚焦他们的奋斗历程和人生际遇。具体内容包括:贺龙元帅悄然离去;张爱萍和邓稼先等。 |
| ● |
| 相关链接 |
|
|
|
|
正题名:作家文摘
索取号:I2-55/152:6
 
预约/预借
| 序号 | 登录号 | 条形码 | 馆藏地/架位号 | 状态 | 备注 |
| 1 | 845749 | 208457490 | 第一样本阅览室/ [索取号:I2-55/152:6] | 在馆 | |
| 2 | 845750 | 208457506 | 第二借阅区/ [索取号:I2-55/152:6] | 在馆 | |
| 3 | 845751 | 208457515 | 第二借阅区/ [索取号:I2-55/152:6] | 在馆 |